Language Quiz

Random Language or French Quiz

In 6 Languages: Fruit Quiz Stats

Quiz Updated Sep 8, 2015

Challenge
Share
Tweet
Score 0/10 Timer 05:00
7 Plays Today
% Correct
Lemon
93.3%
Pineapple
74.4%
Orange
68.3%
Pear
55.3%
Cherry
51.1%
Grape
40.6%
Apricot
40.2%
Apple
38.1%
Strawberry
24%
Plum
13.8%

You're not logged in!

Compare scores with friends on all Sporcle quizzes.
Sign Up with Email
OR
Log In

You Might Also Like...

Show Comments

Extras

Top Quizzes Today


Score Distribution

Your Account Isn't Verified!

In order to create a playlist on Sporcle, you need to verify the email address you used during registration. Go to your Sporcle Settings to finish the process.